<?xml version="1.0" encoding="UTF-8"?>
<collection xmlns="http://www.loc.gov/MARC21/slim">
 <record>
  <leader>01843nam a2200337   4500</leader>
  <controlfield tag="001">DLU130146920</controlfield>
  <controlfield tag="005">##20130415</controlfield>
  <datafield tag="040" ind1="#" ind2="#">
   <subfield code="a">DLU</subfield>
   <subfield code="b">vie</subfield>
  </datafield>
  <datafield tag="041" ind1="#" ind2="#">
   <subfield code="a">vie</subfield>
  </datafield>
  <datafield tag="044" ind1="#" ind2="#">
   <subfield code="a">vn</subfield>
  </datafield>
  <datafield tag="082" ind1="#" ind2="#">
   <subfield code="a">658.155</subfield>
   <subfield code="b">Ceo</subfield>
  </datafield>
  <datafield tag="245" ind1="#" ind2="#">
   <subfield code="a">CEO và quản trị rủi ro.</subfield>
  </datafield>
  <datafield tag="260" ind1="#" ind2="#">
   <subfield code="a">H. :</subfield>
   <subfield code="b">Thanh niên,</subfield>
   <subfield code="c">2011.</subfield>
  </datafield>
  <datafield tag="300" ind1="#" ind2="#">
   <subfield code="a">162 tr. ;</subfield>
   <subfield code="c">24 cm.</subfield>
  </datafield>
  <datafield tag="490" ind1="#" ind2="#">
   <subfield code="a">Bộ sách cẩm nang cho CEO.</subfield>
  </datafield>
  <datafield tag="505" ind1="#" ind2="#">
   <subfield code="a">Chương 1. CEO và quản trị rủi ro trong nền kinh tế biến động -- Chương 2. Quản trị rủi ro tài chính doanh nghiệp trong bối cảnh kinh tế biến động -- Chương 3. CEO: Rủi ro kinh tế vĩ mô cho năm 2011 và 2012 -- Chương 4. Quản lý rủi ro truyền thông trong thời kỳ bùng phát của mạng xã hội -- Chương 5. Suy nghĩ về doanh nghiệp nhỏ và vừa trong thời kỳ kinh tế biến động -- Chương 6. Các thất bại trong quản lý rủi ro thường gặp và cách phòng tránh -- Chương 7. Tư vấn quản lý rủi ro trong doanh nghiệp.</subfield>
  </datafield>
  <datafield tag="505" ind1="#" ind2="#">
   <subfield code="a">Chương 8. Quản lý rủi ro -- Chương 9. Tham gia chuỗi cung ứng: con đường nào cho Việt Nam để hạn chế rủi ro -- Chương 10. CEO và quản trị rủi ro trong thời kỳ biến động -- Chương 11. CEO &amp; quản trị rủi ro -- Chương 12. CEO và những vấn đề cốt lõi trong quản trị rủi ro -- Chương 13. Quản trị rủi ro trong kinh doanh bất động sản ở nước ta.</subfield>
  </datafield>
  <datafield tag="650" ind1="#" ind2="#">
   <subfield code="a">Doanh nghiệp kinh doanh.</subfield>
  </datafield>
  <datafield tag="650" ind1="#" ind2="#">
   <subfield code="a">Quản lý rủi ro.</subfield>
  </datafield>
  <datafield tag="650" ind1="#" ind2="#">
   <subfield code="a">Tổng giám đốc điều hành.</subfield>
  </datafield>
  <datafield tag="923" ind1="#" ind2="#">
   <subfield code="a">08/2012</subfield>
  </datafield>
  <datafield tag="991" ind1="#" ind2="#">
   <subfield code="a">SH</subfield>
  </datafield>
  <datafield tag="992" ind1="#" ind2="#">
   <subfield code="a">59000</subfield>
  </datafield>
  <datafield tag="994" ind1="#" ind2="#">
   <subfield code="a">DLU</subfield>
  </datafield>
  <datafield tag="900" ind1="#" ind2="#">
   <subfield code="a">True</subfield>
  </datafield>
  <datafield tag="911" ind1="#" ind2="#">
   <subfield code="a">Đào Thị Thu Huyền</subfield>
  </datafield>
  <datafield tag="925" ind1="#" ind2="#">
   <subfield code="a">G</subfield>
  </datafield>
  <datafield tag="926" ind1="#" ind2="#">
   <subfield code="a">A</subfield>
  </datafield>
  <datafield tag="927" ind1="#" ind2="#">
   <subfield code="a">SH</subfield>
  </datafield>
  <datafield tag="980" ind1="#" ind2="#">
   <subfield code="a">Thư viện Trường Đại học Đà Lạt</subfield>
  </datafield>
 </record>
</collection>
